Diccionario de Construcción y Régimen de la Lengua Castellana. Tomo I: A-B
Saved in:
| Main Author: | |
|---|---|
| Format: | Book |
| Language: | Undetermined |
| Published: |
Bogotá, Colombia
Instituto Caro y Cuervo
1994
|
| Subjects: | |
| Tags: |
Add Tag
No Tags, Be the first to tag this record!
|
MARC
| LEADER | 00000nam a2200000Ia 4500 | ||
|---|---|---|---|
| 008 | 170316s9999 xx 000 0 und d | ||
| 040 | |a cru BVZT | ||
| 090 | |a CL | ||
| 100 | |a Cuervo, R. J. | ||
| 245 | |a Diccionario de Construcción y Régimen de la Lengua Castellana. Tomo I: A-B | ||
| 260 | |a Bogotá, Colombia | ||
| 260 | |b Instituto Caro y Cuervo | ||
| 260 | |c 1994 | ||
| 300 | |a 922 páginas. Tomo I: A-B | ||
| 650 | |a REFERENCIA | ||
| 650 | |a DICCIONARIO | ||
| 650 | |a LENGUA CASTELLANA | ||
| 942 | |c REF | ||
| 999 | |c 14907 |d 14907 | ||
